[Event "Toronto Winter Fest"]
[Site "Toronto CAN"]
[Date "1987.01.24"]
[Round "2"]
[White "Stone, Raymond"]
[Black "Nickoloff, Bryon"]
[Result "1-0"]
[WhiteElo "2340"]
[BlackElo "2375"]
[PlyCount "109"]
[EventDate "1987.??.??"]
[EventType "tourn"]
[EventRounds "11"]
[EventCountry "CAN"]

1. c4 e6 2. Nc3 d5 3. d4 Nf6 4. cxd5 exd5 5. Bg5 Be7 6. e3 c6 7. Bd3 Nbd7 8.
Qc2 O-O 9. Nge2 Re8 10. O-O Nf8 11. Rab1 g6 12. b4 Ne6 13. Bh4 Ng4 14. Bxe7
Qxe7 15. h3 Nf6 16. Na4 Ng5 17. Nf4 Nge4 18. Nc5 Nd6 19. a4 b6 20. Nb3 Bb7 21.
Nd2 Rac8 22. Qa2 Rc7 23. Rfc1 a6 24. Re1 Qd8 25. Ne2 Rce7 26. Nc3 b5 27. Nb3
Bc8 28. Nc5 Nd7 29. Ra1 Nxc5 30. bxc5 Nf5 31. Bxf5 Bxf5 32. axb5 axb5 33. Qb3
Qd7 34. Ra6 Rc8 35. Rea1 Rc7 36. Rb6 Re8 37. Raa6 Rec8 38. Na2 Ra7 39. Qa3 Rac7
40. Nb4 Qe8 41. Kh2 Bd7 42. Ra7 Qd8 43. Rba6 Qh4 44. Qa2 g5 45. Kg1 Bxh3 46.
gxh3 Qxh3 47. Qe2 Rxa7 48. Rxa7 Re8 49. Nxc6 Re4 50. Ne5 h5 51. Qf1 Qf5 52.
Qxb5 Rxe5 53. Qb8+ Kh7 54. Qxe5 Qg4+ 55. Qg3 1-0

[Event "Toronto Winter Fest"]
[Site "Toronto CAN"]
[Date "1987.01.24"]
[Round "3"]
[White "Nickoloff, Bryon"]
[Black "Witt, Laszlo"]
[Result "1-0"]
[WhiteElo "2375"]
[BlackElo "2340"]
[PlyCount "143"]
[EventDate "1987.??.??"]
[EventType "tourn"]
[EventRounds "11"]
[EventCountry "CAN"]

1. d4 Nf6 2. c4 e6 3. Nc3 Bb4 4. Nf3 O-O 5. Bg5 h6 6. Bh4 d5 7. e3 Nbd7 8. cxd5
exd5 9. Bd3 Re8 10. O-O c6 11. Qc2 Be7 12. Rab1 Ne4 13. Bxe7 Qxe7 14. b4 a5 15.
a3 axb4 16. axb4 Nxc3 17. Qxc3 Qd6 18. Rfc1 Nf8 19. b5 Bd7 20. Ne5 Rec8 21.
bxc6 Bxc6 22. Qb2 Rc7 23. Bf5 g6 24. Bh3 Be8 25. Rc5 b6 26. Rxc7 Qxc7 27. g3 b5
28. Bg2 Qd6 29. Qb3 Rd8 30. Nd3 Nh7 31. Qb4 Qd7 32. Nc5 Qe7 33. Nd3 Qd7 34. Rc1
Nf6 35. Ne5 Qe6 36. Qc5 Kg7 37. Nd3 Qf5 38. Qc2 Bd7 39. Nc5 Qxc2 40. Rxc2 Be6
41. Rb2 Rb8 42. Bf1 b4 43. Nd3 Ra8 44. f3 Ra3 45. Kf2 Ne8 46. Nxb4 Nd6 47. Ra2
Rxa2+ 48. Nxa2 Kf6 49. Nc3 Ke7 50. e4 dxe4 51. fxe4 f6 52. Ke3 Bb3 53. Bb5 Be6
54. Bd3 g5 55. Na4 Bh3 56. Nc5 Bc8 57. Ba6 Bh3 58. Be2 Bc8 59. Kd2 Bh3 60. Kc3
Bg2 61. Kd3 Bh1 62. g4 Bg2 63. Ke3 Kf7 64. Bd3 Kf8 65. Nb3 Kg7 66. Nd2 Bh3 67.
Be2 h5 68. gxh5 Bd7 69. Nf1 Kh6 70. Ng3 Kg7 71. Bd3 Bh3 72. e5 1-0

[Event "Toronto Winter Fest"]
[Site "Toronto CAN"]
[Date "1987.01.25"]
[Round "4"]
[White "Costigan, Richard"]
[Black "Nickoloff, Bryon"]
[Result "1/2-1/2"]
[WhiteElo "2375"]
[BlackElo "2375"]
[PlyCount "92"]
[EventDate "1987.??.??"]
[EventType "tourn"]
[EventRounds "11"]
[EventCountry "CAN"]

1. d4 Nf6 2. Nf3 d5 3. Bf4 c5 4. c3 cxd4 5. cxd4 Nc6 6. Nc3 e6 7. e3 Bd6 8.
Bxd6 Qxd6 9. Be2 O-O 10. O-O Bd7 11. Qb1 Rfc8 12. Rc1 Be8 13. a3 Na5 14. b4 Nc4
15. Bd3 Rc7 16. e4 dxe4 17. Nxe4 Nxe4 18. Bxe4 h6 19. Qb3 Rac8 20. Rc2 Nb6 21.
Rc5 Bc6 22. Bxc6 Rxc6 23. Rac1 Nd7 24. Rxc6 Rxc6 25. Rxc6 Qxc6 26. h3 Nb6 27.
Qe3 Nd5 28. Qe5 Qc1+ 29. Kh2 Qc7 30. g3 Kf8 31. Kg2 a6 32. Qe4 Nf6 33. Qd3 Qc6
34. Kh2 Nd5 35. Ne5 Qc7 36. Qh7 Nf6 37. Qd3 Ke7 38. a4 Kf8 39. b5 axb5 40. axb5
Kg8 41. Qd2 Ne4 42. Qa2 Nd6 43. b6 Qxb6 44. Qa8+ Kh7 45. Nd7 Qb2 46. Nf8+ Kg8
1/2-1/2

[Event "Toronto Winter Fest"]
[Site "Toronto CAN"]
[Date "1987.01.25"]
[Round "5"]
[White "Nickoloff, Bryon"]
[Black "Spraggett, Kevin"]
[Result "1/2-1/2"]
[WhiteElo "2375"]
[BlackElo "2550"]
[PlyCount "20"]
[EventDate "1987.??.??"]
[EventType "tourn"]
[EventRounds "11"]
[EventCountry "CAN"]

1. d4 Nf6 2. c4 e6 3. Nf3 d5 4. Nc3 Be7 5. Bg5 h6 6. Bh4 O-O 7. e3 b6 8. Rc1
Bb7 9. Bd3 dxc4 10. Bxc4 Nbd7 1/2-1/2

[Event "Toronto Winter Fest"]
[Site "Toronto CAN"]
[Date "1987.01.26"]
[Round "6"]
[White "Thomas, Ian"]
[Black "Nickoloff, Bryon"]
[Result "1-0"]
[WhiteElo "2310"]
[BlackElo "2375"]
[PlyCount "73"]
[EventDate "1987.??.??"]
[EventType "tourn"]
[EventRounds "11"]
[EventCountry "CAN"]

1. e4 c5 2. Nf3 e6 3. d4 cxd4 4. Nxd4 Nf6 5. Nc3 d6 6. Bc4 a6 7. a4 Nc6 8. Be3
Be7 9. Qe2 O-O 10. O-O Nb4 11. Bb3 b6 12. Qc4 d5 13. exd5 Nfxd5 14. Nxd5 Nxd5
15. Nc6 Nxe3 16. Qe2 Qc7 17. Nxe7+ Qxe7 18. Qxe3 Qc7 19. Rad1 Bb7 20. Rd4 Rad8
21. Rg4 Kh8 22. Rh4 Qc5 23. Qh3 h6 24. c3 Qg5 25. Rg4 Qd2 26. Qg3 Qxb2 27. Bc4
Rc8 28. Qe5 Rg8 29. Rd1 b5 30. Rh4 Rgd8 31. Rxd8+ Rxd8 32. Bf1 bxa4 33. Rxh6+
Kg8 34. Rh4 Qc2 35. Rg4 g6 36. Rh4 Kf8 37. Qf6 1-0

[Event "Toronto Winter Fest"]
[Site "Toronto CAN"]
[Date "1987.01.27"]
[Round "7"]
[White "Nickoloff, Bryon"]
[Black "Behrhorst, Frank"]
[Result "1-0"]
[WhiteElo "2375"]
[BlackElo "2335"]
[PlyCount "79"]
[EventDate "1987.??.??"]
[EventType "tourn"]
[EventRounds "11"]
[EventCountry "CAN"]

1. d4 d5 2. c4 e6 3. Nc3 Nf6 4. Bg5 Be7 5. cxd5 exd5 6. e3 h6 7. Bh4 O-O 8. Nf3
b6 9. Rc1 Be6 10. Bb5 c5 11. dxc5 bxc5 12. O-O Qb6 13. Qe2 a6 14. Bd3 Nbd7 15.
b3 Rfc8 16. e4 c4 17. bxc4 dxc4 18. Bb1 Ba3 19. Rc2 Bg4 20. e5 Bxf3 21. gxf3
Nh5 22. Bg3 Nxg3 23. hxg3 Qe6 24. f4 Nc5 25. Rd2 Rd8 26. Rfd1 Rxd2 27. Rxd2 Re8
28. Qd1 Nd3 29. Bxd3 cxd3 30. Qa4 Bc5 31. Ne4 Ba7 32. Qb3 Qg4 33. Qxd3 Rc8 34.
Kg2 Rc1 35. Qe2 Qf5 36. Qf3 h5 37. Ng5 Bb6 38. Qxh5 Rc6 39. Qh3 Qb1 40. Qd7 1-0

[Event "Toronto Winter Fest"]
[Site "Toronto CAN"]
[Date "1987.01.28"]
[Round "8"]
[White "Pajak, John"]
[Black "Nickoloff, Bryon"]
[Result "1-0"]
[WhiteElo "2265"]
[BlackElo "2375"]
[PlyCount "83"]
[EventDate "1987.??.??"]
[EventType "tourn"]
[EventRounds "11"]
[EventCountry "CAN"]

1. e4 c5 2. Nf3 d6 3. d4 cxd4 4. Nxd4 Nf6 5. Nc3 a6 6. Bg5 Nc6 7. f4 e6 8. Qd2
h6 9. Bxf6 Qxf6 10. Nf3 Bd7 11. h4 b5 12. O-O-O Qd8 13. Kb1 Qb6 14. Ne5 Nxe5
15. fxe5 b4 16. Ne2 Rd8 17. Rh3 dxe5 18. Rd3 Qc7 19. c3 bxc3 20. Qxc3 Qxc3 21.
Nxc3 Be7 22. R3d2 Bc8 23. Rxd8+ Bxd8 24. g3 Bb7 25. b4 Bb6 26. Bxa6 Bxa6 27.
Rd6 Bf2 28. Rxa6 O-O 29. b5 Rb8 30. a4 Bxg3 31. h5 Bf2 32. Kc2 Kh7 33. Rc6 g6
34. Rc7 Kg7 35. a5 gxh5 36. Kd3 h4 37. Ke2 Bd4 38. a6 h3 39. Kf3 Bxc3 40. a7
Rg8 41. Rxc3 Kf6 42. Rc2 1-0

[Event "Toronto Winter Fest"]
[Site "Toronto CAN"]
[Date "1987.01.30"]
[Round "9"]
[White "Nickoloff, Bryon"]
[Black "Findlay, Ian"]
[Result "1-0"]
[WhiteElo "2375"]
[BlackElo "2410"]
[PlyCount "99"]
[EventDate "1987.??.??"]
[EventType "tourn"]
[EventRounds "11"]
[EventCountry "CAN"]

1. d4 d5 2. c4 e6 3. Nf3 Nf6 4. Nc3 Be7 5. Bg5 O-O 6. e3 h6 7. Bh4 b6 8. Rc1
Bb7 9. Bd3 Nbd7 10. cxd5 exd5 11. Qc2 c5 12. O-O Ne4 13. Nxd5 Ng5 14. Nxe7+
Qxe7 15. Nxg5 hxg5 16. Bg3 Rac8 17. Qa4 a6 18. Bf5 Rfd8 19. Rfd1 g6 20. Bd3 c4
21. Rxc4 Nc5 22. Qa3 Qe6 23. Bf1 Ne4 24. Rxc8 Rxc8 25. d5 Bxd5 26. Qxa6 Bxa2
27. Qd3 Bb3 28. Ra1 Bc4 29. Qd4 Bxf1 30. Rxf1 Rc4 31. Qd3 Rc5 32. Rd1 Qc6 33.
b4 Rc1 34. Be5 Kh7 35. f3 Nf6 36. Rxc1 Qxc1+ 37. Kf2 Nh5 38. g4 Ng7 39. Qc3 Qh1
40. Bxg7 Qxh2+ 41. Kf1 Qh1+ 42. Kf2 Qh2+ 43. Ke1 Qg1+ 44. Kd2 Qf2+ 45. Kc1 Qf1+
46. Kb2 Qe2+ 47. Qc2 Qxf3 48. Bd4 Qxg4 49. Qh2+ Qh4 50. Qe5 1-0

[Event "Toronto Winter Fest"]
[Site "Toronto CAN"]
[Date "1987.01.31"]
[Round "10"]
[White "Wilder, Michael"]
[Black "Nickoloff, Bryon"]
[Result "0-1"]
[WhiteElo "2485"]
[BlackElo "2375"]
[PlyCount "62"]
[EventDate "1987.??.??"]
[EventType "tourn"]
[EventRounds "11"]
[EventCountry "CAN"]

1. d4 Nf6 2. c4 e6 3. Nf3 d5 4. Nc3 Be7 5. Bg5 h6 6. Bxf6 Bxf6 7. e3 O-O 8. Rc1
c6 9. Bd3 dxc4 10. Bxc4 Nd7 11. O-O e5 12. h3 exd4 13. exd4 c5 14. Bb3 cxd4 15.
Nd5 b6 16. Nxd4 Bxd4 17. Qxd4 Nc5 18. Bc4 Bb7 19. Rfd1 Re8 20. Qg4 Rc8 21. Ne3
Qf6 22. Bd5 Nd3 23. Rxc8 Qxf2+ 24. Kh1 Bxc8 25. Qc4 Nxb2 26. Rf1 Nxc4 27. Rxf2
Nd6 28. Rf3 Re5 29. Bb3 Bb7 30. Rg3 Ne4 31. Rf3 Nf6 0-1

[Event "Toronto Winter Fest"]
[Site "Toronto CAN"]
[Date "1987.02.01"]
[Round "11"]
[White "Nickoloff, Bryon"]
[Black "Day, Lawrence"]
[Result "1-0"]
[WhiteElo "2375"]
[BlackElo "2390"]
[PlyCount "102"]
[EventDate "1987.??.??"]
[EventType "tourn"]
[EventRounds "11"]
[EventCountry "CAN"]

1. d4 d6 2. c4 Nc6 3. Nc3 e5 4. Nf3 Bg4 5. d5 Nce7 6. e4 Ng6 7. Be2 Be7 8. O-O
Nf6 9. Be3 Nd7 10. Qd2 h6 11. Ne1 Bxe2 12. Qxe2 Bg5 13. Nd3 Bxe3 14. Qxe3 Qg5
15. Nb5 Qxe3 16. fxe3 Ke7 17. Nxc7 Rac8 18. Nb5 Nf6 19. b3 a6 20. Nc3 h5 21. h3
b5 22. Nb4 bxc4 23. Nc6+ Kd7 24. Na4 Ke8 25. Rfc1 Nxe4 26. Rxc4 f5 27. Rac1 Rh6
28. Nxe5 Rxc4 29. Nxc4 Nh4 30. Kh2 g5 31. Nc3 Nc5 32. Rf1 Rf6 33. b4 Nd3 34.
Ne4 Rf8 35. Nexd6+ Kd7 36. g3 Ng6 37. a3 f4 38. gxf4 gxf4 39. exf4 Ngxf4 40.
Ne4 Kd8 41. Nc5 Re8 42. Nxd3 Nxd3 43. Rf3 Re2+ 44. Kg3 Ne1 45. Re3 h4+ 46. Kg4
Rc2 47. Nd6 Ng2 48. Nb7+ Kd7 49. Re6 Rc4+ 50. Kf5 Nf4 51. Nc5+ Kd8 1-0

[Event "Quebec op"]
[Site "Montreal CAN"]
[Date "1986.08.03"]
[Round "1"]
[White "Nickoloff, Bryon"]
[Black "Boudreau, Daniel"]
[Result "1-0"]
[WhiteElo "2291"]
[BlackElo "1901"]
[PlyCount "55"]
[EventDate "1986.08.03"]
[EventType "swiss"]
[EventRounds "8"]
[EventCountry "CAN"]

1. d4 Nf6 2. c4 e6 3. Nc3 Bb4 4. Nf3 b6 5. Bd2 Bb7 6. g3 O-O 7. Bg2 d6 8. O-O
Nbd7 9. Rc1 a5 10. Qc2 Qe7 11. Rfd1 Rfd8 12. Be1 Rac8 13. a3 Bxc3 14. Bxc3 c5
15. d5 exd5 16. Nh4 Ne5 17. Nf5 Qe6 18. cxd5 Qe8 19. Qd2 Qf8 20. f4 Ned7 21. e4
Re8 22. Re1 g6 23. Nxd6 Qxd6 24. e5 Qf8 25. exf6 Qd6 26. Re7 Rxe7 27. fxe7 Qxe7
28. d6 1-0

[Event "Quebec op"]
[Site "Montreal CAN"]
[Date "1986.08.04"]
[Round "2"]
[White "Larochelle, Martial"]
[Black "Nickoloff, Bryon"]
[Result "0-1"]
[WhiteElo "1942"]
[BlackElo "2291"]
[PlyCount "78"]
[EventDate "1986.08.03"]
[EventType "swiss"]
[EventRounds "8"]
[EventCountry "CAN"]

1. g3 d5 2. Bg2 Nf6 3. Nf3 c6 4. d3 Bf5 5. O-O e6 6. Nbd2 Be7 7. b3 O-O 8. Bb2
a5 9. a3 Nbd7 10. Qe1 h6 11. e4 Bh7 12. Qe2 Qb6 13. Kh1 Qa6 14. e5 Ne4 15. Rae1
Nec5 16. Rg1 Bxd3 17. cxd3 Nxd3 18. Ba1 Nxe1 19. Qxe1 Bxa3 20. Nd4 Bb4 21. f4
Qd3 22. N4f3 Nc5 23. Bf1 Qxf3+ 24. Nxf3 Bxe1 25. Nxe1 Nxb3 26. Bb2 b5 27. Nc2
Rfc8 28. g4 b4 29. g5 hxg5 30. f5 exf5 31. Rxg5 g6 32. e6 Re8 33. Rg3 Nd2 34.
Rh3 f6 35. Bxf6 Rxe6 36. Rh8+ Kf7 37. Rxa8 Kxf6 38. Bd3 b3 39. Nd4 Re3 0-1

[Event "Quebec op"]
[Site "Montreal CAN"]
[Date "1986.08.05"]
[Round "3"]
[White "Nickoloff, Bryon"]
[Black "Beauchamp, Jean-Pierre"]
[Result "1-0"]
[WhiteElo "2291"]
[BlackElo "2103"]
[PlyCount "97"]
[EventDate "1986.08.03"]
[EventType "swiss"]
[EventRounds "8"]
[EventCountry "CAN"]

1. d4 Nf6 2. c4 c5 3. d5 e6 4. Nc3 exd5 5. cxd5 d6 6. e4 g6 7. Nf3 Bg7 8. Bg5
h6 9. Bh4 g5 10. Bg3 O-O 11. Nd2 Re8 12. Be2 Na6 13. O-O Nc7 14. a4 a6 15. Re1
Rb8 16. a5 Rf8 17. Nc4 Nfe8 18. Bg4 Nb5 19. Bxc8 Rxc8 20. Qd3 Nd4 21. Ne2 h5
22. h3 h4 23. Bh2 Nxe2+ 24. Rxe2 Bd4 25. Kh1 f6 26. Rf1 Rc7 27. g4 Rd7 28. f4
Rdf7 29. fxg5 fxg5 30. Rf5 Rxf5 31. exf5 Rf6 32. Qd2 Rh6 33. Qd1 Nc7 34. Nb6
Kf7 35. Qf1 Qf6 36. Nc8 Be5 37. Bxe5 dxe5 38. d6 Nb5 39. Rd2 Nd4 40. Qc4+ Kf8
41. Qxc5 Ke8 42. Qc7 Qf7 43. d7+ Qxd7 44. Qxe5+ Kf7 45. Qxd4 Qxc8 46. Qd7+ Qxd7
47. Rxd7+ Ke8 48. Rxb7 Rd6 49. Rg7 1-0

[Event "Quebec op"]
[Site "Montreal CAN"]
[Date "1986.08.06"]
[Round "4"]
[White "Levtchouk, George"]
[Black "Nickoloff, Bryon"]
[Result "1/2-1/2"]
[WhiteElo "2300"]
[BlackElo "2291"]
[PlyCount "30"]
[EventDate "1986.08.03"]
[EventType "swiss"]
[EventRounds "8"]
[EventCountry "CAN"]

1. d4 Nf6 2. c4 c5 3. d5 b5 4. Nf3 Bb7 5. Nfd2 e5 6. e4 b4 7. a3 Qc7 8. g3 h5
9. h3 Be7 10. Bg2 h4 11. g4 a5 12. O-O Nh7 13. Nf3 Ba6 14. b3 d6 15. Ra2 Nd7
1/2-1/2

[Event "Quebec op"]
[Site "Montreal CAN"]
[Date "1986.08.07"]
[Round "5"]
[White "Nickoloff, Bryon"]
[Black "Stone, Raymond"]
[Result "1/2-1/2"]
[WhiteElo "2291"]
[BlackElo "2369"]
[PlyCount "52"]
[EventDate "1986.08.03"]
[EventType "swiss"]
[EventRounds "8"]
[EventCountry "CAN"]

1. c4 Nf6 2. Nc3 c5 3. Nf3 b6 4. d4 cxd4 5. Nxd4 Bb7 6. Bg5 a6 7. e4 Nxe4 8.
Nxe4 Bxe4 9. Qe2 Bg6 10. g4 Qc8 11. Bg2 Ra7 12. O-O e6 13. Rfd1 Bc5 14. Nb3 h5
15. Nxc5 bxc5 16. Bf4 hxg4 17. Bd6 Rh5 18. Rd5 Nc6 19. Rxh5 Bxh5 20. Qe3 Nd4
21. Qg5 Nf5 22. Be5 Bg6 23. Qf4 a5 24. Qxg4 d6 25. Bc3 Qd8 26. Rd1 Kf8 1/2-1/2

[Event "Quebec op"]
[Site "Montreal CAN"]
[Date "1986.08.08"]
[Round "6"]
[White "Labelle, Jacques"]
[Black "Nickoloff, Bryon"]
[Result "1/2-1/2"]
[WhiteElo "2094"]
[BlackElo "2291"]
[PlyCount "88"]
[EventDate "1986.08.03"]
[EventType "swiss"]
[EventRounds "8"]
[EventCountry "CAN"]

1. e4 c5 2. Nf3 e6 3. Nc3 a6 4. d4 cxd4 5. Nxd4 d6 6. Bc4 Nc6 7. Be3 Nge7 8.
Nb3 b5 9. Be2 Bb7 10. f4 Na5 11. Nxa5 Qxa5 12. Bf3 b4 13. Nb1 d5 14. Nd2 Rc8
15. O-O dxe4 16. Bxe4 Bxe4 17. Nxe4 Nf5 18. Bf2 Be7 19. g4 Qd5 20. Qd3 Qxd3 21.
cxd3 Nh6 22. g5 Nf5 23. Rac1 Kd7 24. Rc4 Rxc4 25. dxc4 Kc6 26. Rd1 h6 27. h4
hxg5 28. hxg5 Bd8 29. Kg2 Bc7 30. Kf3 Rh3+ 31. Kg4 Re3 32. Re1 Rd3 33. Re2 Rd1
34. b3 a5 35. g6 Nh6+ 36. Kf3 f6 37. Rd2 Rxd2 38. Nxd2 Nf5 39. Kg4 Ne7 40. Kh5
Bxf4 41. Ne4 Be5 42. Nc5 Bg3 43. Bg1 Bh2 44. Bf2 Bg3 1/2-1/2

[Event "Quebec op"]
[Site "Montreal CAN"]
[Date "1996.08.09"]
[Round "7"]
[White "Gagnon, Michel"]
[Black "Nickoloff, Bryon"]
[Result "1/2-1/2"]
[WhiteElo "2057"]
[BlackElo "2291"]
[PlyCount "140"]
[EventDate "1986.08.03"]
[EventType "swiss"]
[EventRounds "8"]
[EventCountry "CAN"]

1. e4 c5 2. Nf3 e6 3. d4 cxd4 4. Nxd4 Nf6 5. Bd3 Nc6 6. Nxc6 bxc6 7. c4 e5 8.
O-O Bc5 9. Nc3 d6 10. Be2 Bd4 11. Qd3 Nd7 12. Qg3 O-O 13. Kh1 Rb8 14. Na4 Qe7
15. Rb1 f5 16. exf5 Nf6 17. Bd3 e4 18. Bc2 Bxf5 19. Be3 Be5 20. Qg5 Bg6 21. b3
Qe6 22. f4 exf3 23. Bxg6 fxg2+ 24. Qxg2 hxg6 25. Bxa7 Rbc8 26. Bg1 Nh5 27.
Rxf8+ Rxf8 28. Rf1 Rxf1 29. Qxf1 Nf4 30. Qf3 Qd7 31. Be3 g5 32. Nb6 Qf5 33.
Bxf4 Qb1+ 34. Kg2 Qxa2+ 35. Qf2 Qxf2+ 36. Kxf2 gxf4 37. Kf3 Kf7 38. h3 Ke6 39.
Ke4 g5 40. b4 Bf6 41. b5 Bd8 42. Na4 cxb5 43. cxb5 d5+ 44. Kf3 Kd6 45. h4 gxh4
46. Kxf4 Bf6 47. Nb6 d4 48. Nc4+ Kd5 49. Nb6+ Ke6 50. Nc4 Bg5+ 51. Kg4 Kd5 52.
b6 Kc6 53. Kh3 Bd8 54. Kg4 Bf6 55. Kh3 Kb7 56. Kg4 Be7 57. Kh3 Bg5 58. Kg4 Bd8
59. Kh3 Ka6 60. Kg4 Be7 61. Kh3 d3 62. Kg4 Bd8 63. Kh3 Bxb6 64. Kxh4 Kb5 65.
Nd2 Be3 66. Ne4 Kc4 67. Kg4 Kd5 68. Kf3 Kd4 69. Nd6 Bg5 70. Ne4 Bc1 1/2-1/2

[Event "Quebec op"]
[Site "Montreal CAN"]
[Date "1986.08.10"]
[Round "8"]
[White "Nickoloff, Bryon"]
[Black "Leveille, Francois"]
[Result "1-0"]
[WhiteElo "2291"]
[BlackElo "2200"]
[PlyCount "95"]
[EventDate "1986.08.03"]
[EventType "swiss"]
[EventRounds "8"]
[EventCountry "CAN"]

1. d4 d5 2. c4 e6 3. Nf3 Nf6 4. Nc3 Be7 5. Bg5 O-O 6. Rc1 c6 7. e3 Nbd7 8. Qc2
Ne4 9. Bxe7 Qxe7 10. Bd3 Nxc3 11. Qxc3 dxc4 12. Bxc4 b6 13. O-O Bb7 14. Be2
Rfc8 15. Rfd1 h6 16. Rc2 c5 17. Qa3 Kf8 18. Ba6 Bxa6 19. Qxa6 Rc7 20. b4 Rac8
21. Rdc1 g6 22. h3 Nb8 23. Qc4 Nd7 24. Qb5 Qd6 25. Qa6 Nb8 26. Qc4 Nd7 27. dxc5
bxc5 28. b5 Nb6 29. Qc3 Kg8 30. Ne5 Nd5 31. Qb2 Nb4 32. Rd2 Qe7 33. a3 Nd5 34.
Nc6 Qf6 35. Qb3 a6 36. a4 axb5 37. axb5 Nb4 38. Nxb4 cxb4 39. Rxc7 Rxc7 40.
Qxb4 Rc1+ 41. Kh2 Qe5+ 42. g3 Qa1 43. Qb2 Rh1+ 44. Kg2 Rg1+ 45. Kf3 Qa8+ 46.
Ke2 Qa5 47. b6 Qa4 48. Rd8+ 1-0

[Event "CAN-ch"]
[Site "Winnipeg CAN"]
[Date "1986.07.??"]
[Round "1"]
[White "Nickoloff, Bryon"]
[Black "Stone, Raymond"]
[Result "1/2-1/2"]
[WhiteElo "2420"]
[BlackElo "2340"]
[PlyCount "208"]
[EventDate "1986.07.12"]
[EventType "tourn"]
[EventRounds "15"]
[EventCountry "CAN"]

1. c4 e6 2. d4 d5 3. Nf3 c6 4. Qc2 Nd7 5. cxd5 exd5 6. Nc3 Be7 7. Bf4 Ngf6 8.
e3 Nh5 9. Bg3 g6 10. O-O-O O-O 11. Bd3 Ndf6 12. Be5 Ng7 13. h3 Bf5 14. g4 Bxd3
15. Qxd3 b5 16. Kb1 b4 17. Bxf6 Bxf6 18. Na4 Ne6 19. Rc1 Rc8 20. Rc2 Qa5 21.
Nc5 Nxc5 22. Rxc5 Qb6 23. Rhc1 Be7 24. R5c2 Rfd8 25. e4 Bf8 26. Ne5 Bh6 27.
Nxc6 dxe4 28. Qxe4 Bxc1 29. Ne7+ Kg7 30. Nxc8 Qb8 31. Rxc1 Rxc8 32. Qe5+ Qxe5
33. dxe5 Rd8 34. Kc2 Rd5 35. Re1 Rd4 36. e6 fxe6 37. Rxe6 Rf4 38. Re7+ Kf6 39.
Rxh7 Rxf2+ 40. Kb3 a5 41. Ra7 Rf3+ 42. Kc4 Rf2 43. g5+ Kxg5 44. Rxa5+ Kh4 45.
Kb3 g5 46. Rb5 Re2 47. Rxb4+ Kxh3 48. Rb8 g4 49. Rh8+ Kg2 50. a4 g3 51. a5 Kf1
52. a6 g2 53. Rf8+ Rf2 54. Rxf2+ Kxf2 55. a7 g1=Q 56. a8=Q Qd1+ 57. Ka2 Ke3 58.
Qc6 Kf4 59. b4 Ke5 60. Ka3 Qa1+ 61. Kb3 Qd4 62. Ka4 Qa7+ 63. Kb5 Kf4 64. Qc8
Qe7 65. Qc4+ Kg3 66. Kb6 Qf6+ 67. Kb7 Kf2 68. b5 Qe7+ 69. Qc7 Qe4+ 70. Kb6 Ke2
71. Qd6 Qe8 72. Ka5 Qa8+ 73. Qa6 Qd5 74. Qc8 Kf1 75. Kb4 Qd2+ 76. Qc3 Qd6+ 77.
Ka5 Qd5 78. Qc1+ Kf2 79. Qc2+ Kf1 80. Ka4 Qd4+ 81. Ka3 Qd6+ 82. Kb3 Kg1 83. Qf5
Qb6 84. Qe5 Kg2 85. Kc4 Kh3 86. Kd3 Kg2 87. Qe2+ Kh1 88. Qf3+ Kh2 89. Qc6 Qd8+
90. Kc2 Qe7 91. b6 Qe2+ 92. Kb1 Qd1+ 93. Qc1 Qd5 94. Qe3 Kg2 95. Kc2 Qa2+ 96.
Kd3 Qb3+ 97. Ke2 Qb5+ 98. Kd2 Qb2+ 99. Kd1 Qb1+ 100. Kd2 Qb2+ 101. Kd3 Qb3+
102. Ke4 Qe6+ 103. Kf4 Qh6+ 104. Ke4 Qe6+ 1/2-1/2

[Event "CAN-ch"]
[Site "Winnipeg CAN"]
[Date "1986.07.??"]
[Round "3"]
[White "Nickoloff, Bryon"]
[Black "Reeve, Jeff"]
[Result "1/2-1/2"]
[WhiteElo "2420"]
[BlackElo "2320"]
[PlyCount "91"]
[EventDate "1986.07.12"]
[EventType "tourn"]
[EventRounds "15"]
[EventCountry "CAN"]

1. d4 Nf6 2. c4 g6 3. Nc3 d5 4. cxd5 Nxd5 5. e4 Nxc3 6. bxc3 Bg7 7. Nf3 c5 8.
Rb1 O-O 9. Be2 Nc6 10. d5 Ne5 11. Nxe5 Bxe5 12. Qd2 b6 13. O-O e6 14. f4 Bg7
15. c4 Bd4+ 16. Kh1 exd5 17. cxd5 f5 18. e5 Qxd5 19. Bf3 Qc4 20. Bb2 Rb8 21.
Bxd4 Rd8 22. Qc3 Qxd4 23. Qb3+ c4 24. Qa3 Be6 25. Qxa7 c3 26. Rbc1 Rbc8 27. Rc2
Bc4 28. Re1 Bd3 29. Rcc1 Rd7 30. Qa3 c2 31. Bc6 Rxc6 32. Qa8+ Kg7 33. Qxc6 Be4
34. Qf6+ Kg8 35. Qe6+ Kf8 36. Qf6+ Rf7 37. Qh8+ Ke7 38. Qb8 Qd2 39. Qc7+ Kf8
40. Qd6+ Qxd6 41. exd6 Rd7 42. Rxe4 fxe4 43. Rxc2 Rxd6 44. Kg1 Kg7 45. Kf2 Rd3
46. Re2 1/2-1/2

[Event "CAN-ch"]
[Site "Winnipeg CAN"]
[Date "1986.07.??"]
[Round "4"]
[White "Hamilton, Robert"]
[Black "Nickoloff, Bryon"]
[Result "1-0"]
[WhiteElo "2372"]
[BlackElo "2420"]
[PlyCount "29"]
[EventDate "1986.07.12"]
[EventType "tourn"]
[EventRounds "15"]
[EventCountry "CAN"]

1. c4 e6 2. Nc3 Bb4 3. Qc2 c5 4. a3 Ba5 5. Ne4 d6 6. b4 cxb4 7. c5 dxc5 8. Qxc5
Na6 9. Qb5+ Kf8 10. axb4 Bb6 11. e3 Nf6 12. Nxf6 Qxf6 13. Rxa6 bxa6 14. Qc6 Qa1
15. Ne2 1-0

[Event "CAN-ch"]
[Site "Winnipeg CAN"]
[Date "1986.07.??"]
[Round "5"]
[White "Nickoloff, Bryon"]
[Black "Hawkes, Rob"]
[Result "0-1"]
[WhiteElo "2420"]
[BlackElo "2325"]
[PlyCount "60"]
[EventDate "1986.07.12"]
[EventType "tourn"]
[EventRounds "15"]
[EventCountry "CAN"]

1. c4 e5 2. Nc3 Nc6 3. g3 g6 4. Bg2 Bg7 5. Rb1 f5 6. d3 d6 7. e3 Be6 8. Nge2
Qd7 9. b4 Nf6 10. b5 Nd8 11. Nd5 h5 12. Qa4 h4 13. Nec3 Bxd5 14. Nxd5 Nxd5 15.
cxd5 g5 16. Bd2 b6 17. Qc4 Nb7 18. g4 O-O 19. Bf3 Nc5 20. Bb4 Nxd3+ 21. Qxd3 e4
22. Bxe4 fxe4 23. Qxe4 Rae8 24. Qg6 Rf6 25. Qxg5 Re5 26. Qxh4 Qxb5 27. g5 Qxd5
28. Rg1 Rff5 29. Bd2 Re4 30. Qh3 Qxa2 0-1

[Event "CAN-ch"]
[Site "Winnipeg CAN"]
[Date "1986.07.??"]
[Round "7"]
[White "Allan, Denis"]
[Black "Nickoloff, Bryon"]
[Result "0-1"]
[WhiteElo "2260"]
[BlackElo "2420"]
[PlyCount "98"]
[EventDate "1986.07.12"]
[EventType "tourn"]
[EventRounds "15"]
[EventCountry "CAN"]

1. b3 g6 2. Bb2 Nf6 3. g3 Bg7 4. Bg2 d6 5. d4 O-O 6. Nf3 c5 7. O-O cxd4 8. Nxd4
d5 9. Nd2 Re8 10. c4 e5 11. Nc2 d4 12. e3 Nc6 13. exd4 exd4 14. Nf3 d3 15. Ncd4
Nxd4 16. Nxd4 Bg4 17. f3 Ne4 18. Qxd3 Nc5 19. Qc3 Ne6 20. Nxe6 Bxc3 21. Nxd8
Bxb2 22. fxg4 Bxa1 23. Nxb7 Bd4+ 24. Kh1 Re2 25. c5 Rxa2 26. c6 Be5 27. Re1 Rd2
28. Bf1 f6 29. g5 Rc8 30. gxf6 Bxf6 31. Bc4+ Kf8 32. Re6 Be7 33. Bb5 Rf2 34.
Re4 Rf5 35. Ba4 Rd5 36. Rf4+ Rf5 37. Rd4 Rc7 38. g4 Rf6 39. Rc4 Rf2 40. Kg1 Rf6
41. Kg2 Re6 42. Kf3 Bg5 43. Nc5 Rf7+ 44. Kg2 Re2+ 45. Kg3 Bd2 46. Ne6+ Rxe6 47.
c7 Be1+ 48. Kg2 Re2+ 49. Kg1 Bf2+ 0-1